| 000 | 00796nam a2200217 i 4500 | ||
|---|---|---|---|
| 001 | 91897 | ||
| 003 | ES-MaACL | ||
| 005 | 20230906180840.0 | ||
| 007 | t| | ||
| 008 | 050225s2000 sp ||||1| spa d | ||
| 080 | _a7.045(460) | ||
| 080 | _a7.034(460) | ||
| 100 | 0 |
_aGómez-Tabanera, José Manuel, _d1926-2011 _958165 |
|
| 245 | 1 | 0 |
_aPara una semiótica de la imaginería emblemáticade la España áurea / _cJosé Manuel Gómez-Tabanera. |
| 260 |
_a[Ovido] : _bJ.M. Gómez-Tabanera, _c[2000] |
||
| 300 |
_a35 p. : _bil. ; _c21 cm. |
||
| 500 | _aComunicación presentada al IX Congreso de la Asociación Española de Semiótica (Valencia, 30 noviembre al 1-2 diciembre de 2000) | ||
| 650 |
_aEmblemas- _zEspaña. _9170715 |
||
| 852 |
_aES-MaACL _j2187-F-7 _bR.135942 |
||
| 999 |
_c91897 _d91897 |
||